000 00696nas a2200229 4500
001 BR9503831
003 BR-BrBNA
005 20231205094359.0
007 ta
008 230509b bl.|||p| |||| 00| 00por d
040 _aBR-BrBNA
_bpor
_cBiblioteca Nacional de Agricultura
041 _a(Pt)
072 _aL73
100 1 _aReis, R.
100 1 _aFigueiredo, J.B.
245 1 _aNovas tecnicas de cultivo do Trichomonas foetus
650 _aTricomonose
650 _aEmbriao Animal
773 0 _tArquivos da Escola de Veterinaria da Universidade Federal de Minas Gerais (Brazil)
_x
_g(1964), v. 16 p. 331-344
_wBR9503831
909 _a202311
_bLúcia
_c55
_dLúcia Elande
942 _2AGRIS
_n0
_cANA
999 _c143927
_d143927